00373cam a22001097a 4500008003600000082001900036245002300055260004600078500003100124999001900155952008900174180718b xxu||||| |||| 00| 0 eng d aT216103x42 Un3 aIron and steel act aLondonbHer Majesty's Stationery Officec aContents : 1949,1953, 1967 c422446d422446 00104070aIIPAbIIPAd2009-08-20oT216103x42 Un3p4053r2018-07-21w2018-07-21yBK